000 00588cam a22002291 4500
001 sa 66000660
003 DLC
005 20260227112216.0
008 940714s1965 pk 000 0 eng
010 _asa 66000660
025 _aPL480:P-E-892
035 _a(OCoLC)30766818
040 _aDLC
_cCU
_dCU
_dDLC
042 _apremarc
050 0 0 _aBP135.A3
_bI6
100 1 _aKhan, Inamullah.
245 1 0 _aMaxims of Mohummud.
260 _aKarachi,
_bUmma Publishing House
_c[1965]
300 _a87 p.
_c18 cm.
650 0 _aHadith
_xIndexes.
700 0 _aMuḼammad,
_cProphet,
_d-632.
999 _c67372
_d67372